Statistics for Guess the Central American country anagrams

Click here to take the quiz!

General Stats

  • This quiz has been taken 30 times
  • The average score is 7 of 7

Answer Stats

AnagramCountry% Correct
eezilbBelize
100%
osahurndHonduras
97%
maaapnPanama
97%
aaalgtuemGuatemala
93%
aaaugincrNicaragua
93%
aacciosrtCosta Rica
86%
aarvoesdlleEl Salvador
86%

Score Distribution

Percentile by Number Answered

Percent of People with Each Score

Your Score History

You have not taken this quiz